000 00283nam a22001337a 4500
008 180928b xxu||||| |||| 00| 0 eng d
020 _a9781570717208
041 _aeng
080 _a820
100 _a21
101 _aGJL
245 _aPoetry speaks
_cOsgood,Ch
942 _2udc
_cBK
999 _c48682
_d48682